Юшкевич В. А.

Доступно только в Электронных читальных залах Найти на картеНа карте
RUSMARC
00003791nac2a22002771x 450
0011df1fcaa-9a4f-4606-979b-1d52cc33b38f
00520131123171710.0
100##$a20130717l1900 k y0rusy50 ca
1010#$arus
102##$aRU
105##$ay z |||||
2001#$aЮшкевич В. А.
$j25 января 1900
215##$a1 лист
251##$cДело
300##$aЗаголовок дела на папке: Письмо Никольского Б. Вл. Юшкевичу В. А.
300##$a1 письмо
300##$aРукописный текст
330##$aА. Переписка; III. Письма от Б. В. Никольского к разным лицам
461#0$10011c5950b4-9b17-43ad-92f1-e565a07ae223
$12001
$aНикольский Борис Владимирович, историк права, профессор Юрьевского и Петербургского университетов, один из руководителей главного совета "Русского собрания", поэт, критик
$1251
$cФонд
$1852
$j588
462#0$1001855f2cb0-80f8-42f6-88fa-41bf4837b2b7
$12001
$aНикольский Борис Владимирович. 1837-1919 гг.
$1251
$cОпись
$1852
$j1
517##$aПисьмо Никольского Б. Вл. Юшкевичу В. А.
600#1$aНикольский
$bБ. В.
$gБорис Владимирович
600#1$aЮшкевич
$bВ. А.
$gВиктор Адамович
801#0$aRU
$bGA_RF
801#1$aRU
$bНПО Опыт
$c20130717
$2rusmarc
801#2$aRU
$bПБ им. Б.Н. Ельцина
$c20131123
$gRCR
$2rusmarc
852##$aГА РФ
$j1132
937##$d42002896
$hПБ
035##$aRuPRLIB51009447
Формат отображения